01212cam a2200313 i 45000010008000000030009000080050017000170080041000340200015000750400043000900820021001331000038001542450107001922640040002993000047003393360026003863370028004123380027004404900054004675000026005215040052005476500035005996500041006346550017006757000048006929420012007409990017007529520129007692720152EG-ScBUE20250629094012.0770401s1979 enka f b 001 0 eng  a0198520034 aEG-ScBUEbengerdacEG-ScBUEdEG-ScBUE04a537.244222bLIN1 aLines, Malcolm E.,eauthor.9845510aPrinciples and applications of ferroelectrics and related materials /cby M. E. Lines and A. M. Glass. 1aOxford : bClarendon Press,c1979. axiii, 680 pages :billustrations ;c25 cm. 2rdacontentatextbtxt aunmediated2rdamediabn avolumebnc2rdacarrier0 aThe international series of monographs on physics aIncludes Appendices.  aIncludes bibliographical references and index.  7aFerroelectricity.984562BUEsh 7aFerroelectric crystals.984572BUEsh vReading book1 aGlass, A. M.q(Alastair M.),eauthor.98458 2ddccBB c12589d12589 00102ddc40708Alef-BaaaMAINbMAINc1STd2009-08-16ePurchaseg150.00l0o537.244 LINp000017863r2025-07-15 00:00:00yBB